000
00294 a2200133 4500
001
155519
040
_c
Escola São Tomás de Aquino
100
_a
FARACO
240
1
0
_a
Lingua e literatura
_l
por
245
1
0
_a
Lingua e literatura
300
_a
48
697
_a
Língua portuguesa
942
_c
BK
999
_c
155519
_d
155519